000 00319cam a22001217a 4500
008 180718b1989 xxu||||| |||| 00| 0 eng d
082 _aXAx5461 M725
100 _aMohan, I.
245 _aEnvironment and habitat
_cby I. Mohan
260 _aNew Delhi
_bAshish
_c1989
300 _a312p.
650 _aHousing - India - Delhi
999 _c349267
_d349267